000 00357nam a22001457a 4500
008 241112b |||||||| |||| 00| 0 eng d
020 _a978-93-534-3485-4
100 _aR P Roers & E S Prassas
245 _aTraffic Engineering 5th Ed.
250 _a5th Ed
260 _aNoida
_bPearson Pub
_c2022
300 _a785
650 _aCivil
942 _2ddc
_cBK
999 _c21034
_d21034